[Event "SVK-ch U18/20"]
[Site "Tatralandia"]
[Date "2025.05.14"]
[Round "5"]
[White "Wandelt, Valentin Dominik"]
[Black "Slivinsky, Maxim"]
[Result "0-1"]
[WhiteElo "1000"]
[BlackElo "1794"]
[PlyCount "62"]
[EventDate "2025.05.11"]
[EventType "swiss"]
[EventRounds "9"]
[EventCountry "SVK"]
[SourceTitle "CB21_2025"]
[SourceDate "2025.05.21"]
[SourceVersion "1"]
[SourceVersionDate "2025.05.21"]
[SourceQuality "1"]

1. e4 c5 2. Nf3 Nc6 3. c3 d5 4. e5 Bg4 5. Bb5 Qc7 6. d4 e6 7. h3 Bh5 8. 0-0 a6 9. Bxc6+ bxc6 10. Nbd2 cxd4 11. cxd4 Ne7 12. Nb3 Nc8 13. Nc5 Bxc5 14. dxc5 Bxf3 15. Qxf3 Qxe5 16. Rb1 0-0 17. Qg4 Qf6 18. Bg5 Qg6 19. Qg3 h6 20. Bf4 Qxg3 21. fxg3 f6 22. g4 e5 23. Bd2 Ne7 24. h4 d4 25. g5 hxg5 26. hxg5 f5 27. Rbe1 e4 28. g4 e3 29. Kg2 Nd5 30. Bc1 f4 31. Rd1 e2 0-1